Executive Japanese : (Record no. 66031)
[ view plain ]
| 000 -LEADER | |
|---|---|
| fixed length control field | 01147 a2200361 4500 |
| 001 - CONTROL NUMBER | |
| control field | 66031 |
| 003 - CONTROL NUMBER IDENTIFIER | |
| control field | TR-AnTOB |
| 005 - DATE AND TIME OF LATEST TRANSACTION | |
| control field | 20240730093524.0 |
| 008 - FIXED-LENGTH DATA ELEMENTS--GENERAL INFORMATION | |
| fixed length control field | 890424s1986 ja 000 0 eng d |
| 020 ## - INTERNATIONAL STANDARD BOOK NUMBER | |
| Canceled/invalid ISBN | 487032001 |
| 035 ## - SYSTEM CONTROL NUMBER | |
| System control number | 4036232 |
| 040 ## - CATALOGING SOURCE | |
| Original cataloging agency | OSU |
| Transcribing agency | OSU |
| 041 0# - LANGUAGE CODE | |
| Language code of text/sound track or separate title | İngilizce |
| -- | Japonca |
| 050 ## - LIBRARY OF CONGRESS CALL NUMBER | |
| Classification number | PL538.C6 |
| Item number | T34 1986 |
| 090 ## - LOCALLY ASSIGNED LC-TYPE CALL NUMBER (OCLC); LOCAL CALL NUMBER (RLIN) | |
| Classification number (OCLC) (R) ; Classification number, CALL (RLIN) (NR) | PL538.C6 T34 1986 |
| 100 ## - MAIN ENTRY--PERSONAL NAME | |
| Personal name | Takamizawa, Hajime |
| 9 (RLIN) | 38262 |
| 245 #0 - TITLE STATEMENT | |
| Title | Executive Japanese : |
| Remainder of title | beginner's guide to corporate communications / |
| Statement of responsibility, etc. | [Hajime Takamizawa]. |
| 264 #1 - PRODUCTION, PUBLICATION, DISTRIBUTION, MANUFACTURE, AND COPYRIGHT NOTICE | |
| Place of production, publication, distribution, manufacture | Tokyo : |
| Name of producer, publisher, distributor, manufacturer | ASMIK Corp., |
| Date of production, publication, distribution, manufacture, or copyright notice | c1986 |
| 300 ## - PHYSICAL DESCRIPTION | |
| Extent | 3 v. : |
| Other physical details | ill., maps ; |
| Dimensions | 28 cm |
| 500 ## - GENERAL NOTE | |
| General note | "Executive Japanese : glossary" (24 p.) inserted at end ofv. 3 |
| General note | Includes indexes |
| 650 #0 - SUBJECT ADDED ENTRY--TOPICAL TERM | |
| Topical term or geographic name entry element | Japanese language |
| General subdivision | Business Japanese |
| 9 (RLIN) | 38263 |
| Topical term or geographic name entry element | Japanese language |
| Form subdivision | Textbooks for foreign speakers |
| General subdivision | English |
| 9 (RLIN) | 38264 |
| 901 ## - LOCAL DATA ELEMENT A, LDA (RLIN) | |
| a | 0021190 |
| 902 ## - LOCAL DATA ELEMENT B, LDB (RLIN) | |
| a | dy |
| 910 ## - USER-OPTION DATA (OCLC) | |
| User-option data | &kc890425 |
| 940 ## - EQUIVALENCE OR CROSS-REFERENCE--UNIFORM TITLE [OBSOLETE] [CAN/MARC only] | |
| Uniform title | <a href="PL538.C6">PL538.C6</a> |
| Language of a work | MAI |
| 942 ## - ADDED ENTRY ELEMENTS (KOHA) | |
| Koha item type | Book |
| Source of classification or shelving scheme | Library of Congress Classification |
| 945 ## - LOCAL PROCESSING INFORMATION (OCLC) | |
| a | os4ug |
| b | b2420794 |
| c | i21271961 |
| o | 1 |
| s | N |
| a | wa4tg |
| b | b127100 |
| c | i40122947 |
| s | N |
| Withdrawn status | Lost status | Source of classification or shelving scheme | Materials specified (bound volume or other part) | Not for loan | Collection code | Home library | Current library | Shelving location | Date acquired | Source of acquisition | Serial Enumeration / chronology | Total Checkouts | Total Holds | Full call number | Barcode | Date last seen | Date last checked out | Copy number | Date shelved | Koha item type |
|---|---|---|---|---|---|---|---|---|---|---|---|---|---|---|---|---|---|---|---|---|
| C.1 | Ödünç Verilebilir / Available | Genel Koleksiyon | Merkez Kütüphane | Merkez Kütüphane | Genel Koleksiyon / Main Collection | 31/12/2007 | Bağış / Donation | 1 | 1 | PL538.C6 T34 1986 | 0021190 | 19/03/2019 | 15/03/2019 | 1 | 21/04/2010 | Book |
